「大・中・小」が入る市区町村 - Statistics

General Stats
  • This quiz has been taken 114 times
  • The average score is 68 of 151
Answer Stats
都道府県名 区町村名 % Correct
大阪府 大阪市
81%
東京都 中野区
77%
福井県 大野市
76%
東京都 大島町
74%
秋田県 大仙市
73%
滋賀県 大津市
71%
大阪府 東大阪市
71%
栃木県 小山市
69%
東京都 大田区
69%
神奈川県 大和市
69%
石川県 小松市
69%
宮城県 大崎市
68%
島根県 大田市
68%
長野県 中野市
66%
長崎県 大村市
66%
北海道 中川町
65%
大阪府 大阪狭山市
65%
山梨県 大月市
63%
兵庫県 小野市
63%
北海道 中標津町
61%
神奈川県 小田原市
61%
山梨県 中央市
61%
長野県 大町市
61%
栃木県 大田原市
60%
東京都 中央区
60%
神奈川県 大井町
60%
福岡県 大川市
60%
秋田県 大館市
58%
埼玉県 小川町
58%
富山県 小矢部市
56%
大分県 中津市
56%
宮城県 大和町
55%
広島県 | 東京都 府中市
55%
大阪府 大東市
55%
奈良県 大和郡山市
55%
大分県 大分市
55%
北海道 中富良野町
53%
青森県 大間町
53%
茨城県 小美玉市
53%
東京都 小平市
53%
岐阜県 中津川市
53%
宮城県 大河原町
52%
神奈川県 中井町
52%
福井県 小浜市
52%
大阪府 豊中市
52%
奈良県 大和高田市
52%
広島県 大竹市
52%
高知県 大川村
52%
岩手県 大船渡市
50%
東京都 小金井市
50%
東京都 東大和市
50%
東京都 小笠原村
50%
山口県 山陽小野田市
50%
徳島県 小松島市
50%
沖縄県 北大東村
50%
山形県 大石田町
48%
山形県 | 熊本県 小国町
48%
静岡県 小山町
48%
大阪府 泉大津市
48%
鳥取県 大山町
48%
広島県 府中町
48%
愛媛県 四国中央市
48%
沖縄県 中城村
48%
沖縄県 南大東村
48%
群馬県 安中市
47%
愛知県 大府市
47%
香川県 小豆島町
47%
福岡県 大野城市
47%
秋田県 大潟村
45%
山形県 中山町
45%
岐阜県 大野町
45%
大分県 豊後大野市
45%
福島県 小野町
44%
茨城県 常陸大宮市
44%
岐阜県 大垣市
44%
広島県 大崎上島町
44%
愛媛県 大洲市
44%
福岡県 大牟田市
44%
佐賀県 小城市
44%
鹿児島県 大和村
44%
青森県 中泊町
42%
宮城県 大衡村
42%
秋田県 上小阿仁村
42%
群馬県 中之条町
42%
神奈川県 大磯町
42%
新潟県 小千谷市
42%
石川県 中能登町
42%
長野県 小谷村
42%
佐賀県 大町町
42%
熊本県 大津町
42%
岩手県 大槌町
40%
長野県 小諸市
40%
岡山県 吉備中央町
40%
高知県 大月町
40%
沖縄県 北中城村
40%
北海道 小樽市
39%
北海道 中頓別町
39%
北海道 大樹町
39%
山形県 大江町
39%
茨城県 大洗町
39%
福岡県 中間市
39%
長崎県 小値賀町
39%
鹿児島県 大崎町
39%
福島県 中島村
37%
長野県 小川村
37%
愛知県 小牧市
37%
山口県 周防大島町
37%
沖縄県 大宜味村
37%
北海道 小平町
35%
秋田県 小坂町
35%
長野県 中川村
35%
熊本県 南小国町
35%
北海道 浜中町
34%
千葉県 大網白里市
34%
山梨県 小菅村
34%
三重県 大紀町
34%
京都府 大山崎町
34%
北海道 小清水町
32%
三重県 大台町
32%
福岡県 小郡市
32%
福岡県 大木町
32%
宮城県 大郷町
31%
山梨県 山中湖村
31%
愛知県 大口町
31%
鹿児島県 中種子町
31%
茨城県 大子町
29%
群馬県 大泉町
29%
長野県 大鹿村
29%
北海道 大空町
27%
福島県 大熊町
27%
埼玉県 小鹿野町
27%
千葉県 大多喜町
27%
長野県 小布施町
27%
高知県 大豊町
27%
高知県 中土佐町
27%
鹿児島県 南大隅町
27%
北海道 中札内村
26%
青森県 大鰐町
26%
山形県 大蔵村
26%
福岡県 小竹町
26%
長野県 大桑村
24%
愛知県 大治町
24%
長野県 小海町
23%
奈良県 大淀町
23%
福岡県 大任町
23%
宮崎県 小林市
21%
福島県 大玉村
19%
福岡県 大刀洗町
11%
北海道 苫小牧市
8%
No matching quizzes found
Score Distribution
Percent of People with Each Score
Percentile by Number Answered
Your Score History
You have not taken this quiz